Australian kaupunkeja kartalla - Statistics

Yleistilastot
  • Tätä visaa on pelattu 684 kertaa
  • Keskiarvotulos 8 / 16
Vastaukset kartalla
Vastauksille on annettu kartalla punavihreä väri sen mukaan, kuinka moni on saanut sen oikein.
 
Vastaustilastot
Vastaus % Oikein
Sydney
79%
Perth
75%
Canberra
70%
Melbourne
68%
Brisbane
60%
Adelaide
59%
Alice Springs
58%
Darwin
57%
Hobart
54%
Cairns
43%
Kalgoorlie
32%
Broome
31%
Mount Isa
31%
Exmouth
28%
Rockhampton
28%
Mildura
23%
Ehtoja vastaavia visoja ei löytynyt
Tulosjakauma
Jokaisen tuloksen saaneiden osuus
Persentiili vastausten määrän mukaan
Tuloshistoriasi
Et ole pelannut tätä visaa